000 01603nmc a2200565 a 4500
003 AR-BaBNM
005 20251128204518.0
008 277019s1990 ||||||||||||||000 | spa||
020 _a84-206-9640-4
040 _cAR-BaBNM
245 1 0 _aLisboa extramuros, 1415-1580
_bel descubrimiento del mundo por los navegantes portugueses
260 _aMadrid
_bAlianza Editorial
_c1990
300 0 _a286 p.
_bil., mapas
490 0 _aMemoria de las ciudades
500 0 _aAnexos en p. 278-286
504 _aBibliografía en p. 280-281
600 1 4 _aCabral, Pedro Alvares
600 1 4 _aColón, Cristóbal
600 1 4 _aTeyssier, Paul
600 1 4 _aDomingos, Francisco Contente
600 1 4 _aAlbuquerque, Luis De
600 1 4 _aSantos, Annie Marques Dos
600 1 4 _aLanciani, Giulia
600 1 4 _aRadulet, Carmen M.
600 1 4 _aPinto, Joao Rocha
600 1 4 _aMota, Amiral Teixeira Da
600 1 4 _aPenjon, Jacqueline
600 1 4 _aQuint, Anne-Marie
600 1 4 _aDuviols, Jean-Paul
600 1 4 _aRaynal, Guillaume-Thomas
600 1 4 _aD`Intino, Raffaella
600 1 4 _aBouchon, Genevieve
600 1 4 _aThomaz, Luis Filipe
600 1 4 _aCosta, Joao Paulo
600 1 4 _aLaurenco, Eduardo
650 4 _aDESCUBRIMIENTOS
650 4 _aCOLONIZACION
650 4 _aNAVEGACION MARITIMA
650 4 _aCARTOGRAFIA
651 4 _aPortugal
651 4 _aItalia
651 4 _aIndia
651 4 _aChina
651 4 _aBrasil
651 4 _aAfrica
700 1 _aChandeigne, Michael
_edirector
700 1 _aTorrent, Ana
_etraductor
942 _cBK
998 _cmariana
999 _c7721
_d7721